| 000 | 00434nam a22001817a 4500 | ||
|---|---|---|---|
| 003 | OSt | ||
| 005 | 20180116183010.0 | ||
| 008 | 150903b xxu||||| |||| 00| 0 eng d | ||
| 020 | _a7099300595 | ||
| 040 | _c0 | ||
| 082 | _a813.54 COL 1980 | ||
| 100 | _aJackie Collins | ||
| 245 | _aJackie Collins Chances | ||
| 260 |
_aUSA _bWarner Books _c1980 |
||
| 300 |
_a809 P. _bPB |
||
| 440 | _aJackie Collins Chances | ||
| 942 |
_2ddc _cBK |
||
| 999 |
_c350254 _d350254 |
||